Il voltapagine

שמור ב:
מידע ביבליוגרפי
מחבר ראשי: Leavitt David
פורמט: ספר
שפה:שפה לא ידועה
יצא לאור: Milano Mondadori 1999
תגים: הוספת תג
אין תגיות, היה/י הראשונ/ה לתייג את הרשומה!

MARC

LEADER 00000nam a2200000Ia 4500
001 56
003 NUMERAZIONE-ORIGINALE-BRESCIA
005 20260206230747.0
008 260206s9999 xx 000 0 und d
100 |a Leavitt David 
245 0 |a Il voltapagine 
260 |a Milano 
260 |b Mondadori 
260 |c 1999 
500 |a Scrittori italiani e stranieri 
942 |2 ddc  |c BK  |n 0 
952 |0 0  |1 0  |2 ddc  |4 0  |6 22  |7 0  |9 28241  |a BS  |b BS  |d 2026-02-06  |i 56-2  |l 0  |o 2-2-*  |r 2026-02-06 22:40:31  |w 2026-02-06  |x [REVISIONARE]  |y BK 
952 |0 0  |1 0  |2 ddc  |4 0  |6 22  |7 0  |9 28242  |a BS  |b BS  |d 2026-02-06  |i 56-1  |l 0  |o 2-2-*  |r 2026-02-06 22:40:31  |w 2026-02-06  |x [REVISIONARE]  |y BK 
999 |c 23938  |d 23938